LEADER 04521nam 22008292 450 001 9910454671303321 005 20151005020623.0 010 $a1-107-11711-9 010 $a1-280-16203-1 010 $a0-511-11765-5 010 $a0-511-15574-3 010 $a0-511-30397-1 010 $a0-511-48311-2 010 $a0-511-04804-1 035 $a(CKB)111056485650384 035 $a(EBL)202335 035 $a(OCoLC)475917666 035 $a(SSID)ssj0000193199 035 $a(PQKBManifestationID)11196897 035 $a(PQKBTitleCode)TC0000193199 035 $a(PQKBWorkID)10218986 035 $a(PQKB)10287529 035 $a(UkCbUP)CR9780511483110 035 $a(MiAaPQ)EBC202335 035 $a(Au-PeEL)EBL202335 035 $a(CaPaEBR)ebr10006828 035 $a(CaONFJC)MIL16203 035 $a(EXLCZ)99111056485650384 100 $a20090224d2002|||| uy| 0 101 0 $aeng 135 $aur||||||||||| 181 $ctxt$2rdacontent 182 $cc$2rdamedia 183 $acr$2rdacarrier 200 10$aLiterature, partition and the nation-state $eculture and conflict in Ireland, Israel and Palestine /$fJoe Cleary$b[electronic resource] 210 1$aCambridge :$cCambridge University Press,$d2002. 215 $a1 online resource (xii, 259 pages) $cdigital, PDF file(s) 225 1 $aCultural margins ;$v10 300 $aTitle from publisher's bibliographic system (viewed on 05 Oct 2015). 311 $a0-521-65732-6 311 $a0-521-65150-6 320 $aIncludes bibliographical references (p. 226-250) and index. 327 $aIreland, Palestine and the antinomies of self-determination in 'the badlands of modernity' -- Estranged states: national literatures, modernity and tradition, and the elaboration of partitionist identities -- 'Fork-tongued on the border bit': partition and the politics of form in contemporary narratives of the Northern Irish conflict -- Agonies of the potentates: journeys to the frontier in the novels of Amos Oz -- The meaning of disaster: the novel and the stateless nation in Ghassan Kanafani's Men in the Sun. 330 $aThe history of partition in the twentieth century is one steeped in controversy and violence. Literature, Partition and the Nation State offers an extended study of the social and cultural legacies of state division in Ireland and Palestine, two regions where the trauma of partition continues to shape political events to this day. Focusing on the period since the 1960s, when the original partition settlements in each region were challenged by Irish and Palestinian nationalists, Joe Cleary's book contains individual chapters on nationalism and self-determination; on the construction of national literatures in the wake of state division; and on influential Irish, Israeli and Palestinian writers, film-makers and public intellectuals. Cleary's book is a radical and enthralling intervention into contemporary scholarship from a range of disciplines on nations and nationalism. It will be of interest to scholars in Cultural and Post-Colonial Studies, Nations and Nationalism, Irish Literature, Middle East Studies and Modern History. 410 0$aCultural margins ;$v10. 517 3 $aLiterature, Partition & the Nation-State 606 $aEnglish literature$xIrish authors$xHistory and criticism 606 $aMiddle Eastern literature$y20th century$xHistory and criticism 606 $aNationalism$xHistory$y20th century 606 $aLiterature and state$xHistory$y20th century 606 $aComparative literature$xIrish and Middle Eastern 606 $aComparative literature$xMiddle Eastern and Irish 606 $aImperialism in literature 606 $aColonies in literature 607 $aPalestine$xHistory$yPartition, 1947 607 $aIreland$xHistory$yPartition, 1921 615 0$aEnglish literature$xIrish authors$xHistory and criticism. 615 0$aMiddle Eastern literature$xHistory and criticism. 615 0$aNationalism$xHistory 615 0$aLiterature and state$xHistory 615 0$aComparative literature$xIrish and Middle Eastern. 615 0$aComparative literature$xMiddle Eastern and Irish. 615 0$aImperialism in literature. 615 0$aColonies in literature. 676 $a820.9/9417 700 $aCleary$b Joe$g(Joseph N.),$01056568 801 0$bUkCbUP 801 1$bUkCbUP 906 $aBOOK 912 $a9910454671303321 996 $aLiterature, partition and the nation-state$92491046 997 $aUNINA LEADER 01911nac# 22002651i 450 001 UON00143771 005 20240118022833.823 100 $a20020107f |0itac50 ba 102 $aIT 105 $a|||| ||||| 110 $ab|||||||||| 200 1 $aMetropolis 463 1$1001UON00194090$12001 $a Homo sentiens$egiovani e musica, la rinascita della comunità dallo spirito della nuova musica$fFranco Ferrarotti$1210 $aNapoli$cLiguori$d1995. VIII$d136 p. ; 24 cm.$v1 463 1$1001UON00147095$12001 $aImmigrati e religioni$fa cura di Maria Immacolata Macioti$1210 $aNapoli$cLiguori$d2000$1215 $aix, 360 p.$d24 cm$v14 463 1$1001UON00262423$12001 $aNazionalismo e identità collettive$ei percorsi della transizione in Romania e nella repubblica di Moldova$fGloria Pirzio Ammassari, Marina D'Amato, Arianna Montanari$1210 $aNapoli$cLiguori$d2000$1215 $aVIII, 177 p.$d23 cm.$v15 463 1$1001UON00141900$12001 $aIslam e città nell'Africa a sud del Sahara$etra sufismo e fondamentalismo$fa cura di Adriana Piga$1205 $a1 ed. italiana$1210 $aNapoli$cLiguori$d2001$1215 $aix, 329 p.$d24 cm$v20 463 1$1001UON00196026$12001 $a Porte chiuse$ecultura e tradizioni africane$ecultura e tradizioni africane attraverso le storie di vita degli immigrati$fLuigi Perrone$1210 $aNapoli$cLiguori $d1995. VIII$d327 p. ; 24 cm.$v3 463 1$1001UON00266720$12001 $aLondra e le altre$eimmagini della metropoli di fine Ottocento$fa cura di Laura Di Michele$1210 $aNapoli$cLiguori$d2002$1215 $a462 p.$cill.$d24 cm. -$v31 463 1$1001UON00201862$12001 $a Eroi immaginari$el'identità nazionale nei romanzi, film, telefilm, polizieschi$fArianna Montanari. - Napoli$eLiguori, 1995. 171 p. ; 24 cm.$v4 620 $aIT$dNapoli$3UONL000012 712 $aLiguori$3UONV246456$4650 801 $aIT$bSOL$c20240220$gRICA 912 $aUON00143771 996 $aMetropolis$9717036 997 $aUNIOR LEADER 04911oam 2200529 c 450 001 9910831599203321 005 20260302090207.0 010 $a9783839458334 010 $a3839458331 024 7 $a10.1515/9783839458334 035 $a(CKB)5590000000487013 035 $a(DE-B1597)579609 035 $a(DE-B1597)9783839458334 035 $a(MiAaPQ)EBC6644474 035 $a(Au-PeEL)EBL6644474 035 $a(OCoLC)1257667808 035 $a(transcript Verlag)9783839458334 035 $a(Perlego)2335328 035 $a(EXLCZ)995590000000487013 100 $a20260302d2021 uy 0 101 0 $ager 135 $aur||||||||||| 181 $ctxt$2rdacontent 182 $cc$2rdamedia 183 $acr$2rdacarrier 200 10$aKämpfe um die Professionalisierung des Museums$eKarl Koetschau, die Museumskunde und der Deutsche Museumsbund 1905-1939$fAndrea Meyer 205 $a1st ed. 210 $aBielefeld$ctranscript Verlag$d2021 215 $a1 online resource (288 p.) 225 0 $aEdition Museum$v56 311 08$a9783837658330 311 08$a3837658333 327 $aFrontmatter 1 Inhalt 5 Einleitung 7 1.1 Methodische Herangehensweise: Das Museum als Arena 12 1.2 Forschungsüberblick: Die Museumskunde, der Museumsbund und die Protagonisten der Museumsreformbewegung 14 1.3 Quellenlage 23 1.4 Aufbau und leitende Fragen 26 Einleitung 31 2.1 Kolonien und Völkerkunde, Bild und Text. Zur Funktion der Reproduktionen 34 2.2 Viel Amerika - wenig Frankreich. Schwerpunkte und Lücken einer länderübergreifenden Berichterstattung 45 2.3 Forum für eine offene, streitbare Debattenkultur 49 Einleitung 57 3.1 Museum und Markt 59 3.2 Wilhelm von Bodes Manöver 61 3.3 Taktiken im Verborgenen 68 Einleitung 75 4.1 Abstecken des eigenen Terrains - Abstimmung mit dem Verband von Museums-Beamten 77 4.2 Die Beschlüsse der ersten DMB-Jahrestagung in Würzburg im Mai 1918 - ein Kompromiss 82 4.3 Das Expertisenwesen weiter im Kreuzfeuer 86 Einleitung 93 5.1 Das Buchprojekt im politischen Umbruch 101 5.2 Finanzierungsprobleme 107 5.3 Interne Profilierung statt großer Öffentlichkeit 111 Einleitung 115 6.1 Der DMB unter Willy Storck 1920-1924 117 6.2 Walther Greischel an der Spitze des DMB 1924-1927 121 6.3 Neue Kräfteverhältnisse - Werner Noacks Vorstoß um 1930 125 Einleitung 133 7.1 Zwischen Karl Hermann Jacob-Friesen und Kurt Karl Eberlein - Personaldebatten zum Auftakt 137 7.2 Ludwig Justi versus Kurt Karl Eberlein 1929/30 143 7.3 Der Streit zieht 1930/31 weite museumspolitische Kreise 150 Einleitung 155 8.1 Diskussionen um die Qualifizierung 1905/06 157 8.2 Die Berliner Museumskurse 1909-1912 161 8.3 Die Akademisierung der Museumskunde seit 1918 167 8.4 Das Bonner Modell - Anlass für einen transatlantischen Brückenschlag 1924 172 8.5 Koetschaus Lehransätze im internationalen Kontext bis 1932 177 Einleitung 193 9.1 Der DMB und seine Zeitschrift während der NS-Diktatur 196 9.2 Gegen das Netzwerk der Moderne - Koetschaus Führungsambitionen im frühen NS-Staat 207 9.3 Die Denkschrift von 1933 - Koetschau als Architekt einer NS-Wissenschaftskultur 215 10. Schluss 231 Dank 243 Quellen- und Literaturverzeichnis 245 Personenverzeichnis 281 330 $aUm 1900 erkannten Museumsleute in Deutschland die Notwendigkeit der Professionalisierung: Es galt Arbeitsabläufe zu standardisieren, verbindliche ethische Richtlinien für die museale Praxis zu entwickeln und Ausbildungskonzepte einzuführen, die jenseits wissenschaftlicher Fachkenntnisse auf die komplexen Anforderungen des Museumsalltags vorbereiteten. Wie bewältigten die Akteur/-innen diese Herausforderungen? Welche Debatten lösten die auch international vorangetriebenen Reformen aus, welche Widerstände gab es? Andrea Meyer beantwortet Fragen wie diese am Beispiel der Zeitschrift Museumskunde und des Deutschen Museumsbundes, die beide eng mit dem Kunsthistoriker und Museumsdirektor Karl Koetschau (1868-1949) verbunden sind. 410 0$aEdition Museum 606 $aMuseum; Museumskunde; Deutscher Museumsbund; Deutschland; Karl Koetschau; Museumswissenschaft; Kulturpolitik; Museum Studies; German Museum Association; Germany; Museology; Cultural Policy; 615 4$aMuseum; Museumskunde; Deutscher Museumsbund; Deutschland; Karl Koetschau; Museumswissenschaft; Kulturpolitik; Museum Studies; German Museum Association; Germany; Museology; Cultural Policy; 676 $a069.0943 686 $aNB 3400$qSEPA$2rvk 700 $aMeyer$b Andrea$pTechnische Universität Berlin, Deutschland$4aut$00 712 02$aBacklisttransformation EOSC Future 801 0$bDE-B1597 801 1$bDE-B1597 906 $aBOOK 912 $a9910831599203321 996 $aKa?mpfe um die Professionalisierung des Museums$94128296 997 $aUNINA